000 00812cam a22002531 4500
001 war14000123
003 DLC
005 20260227112810.0
008 841016s1914 dcuaf f000 0 eng
010 _awar14000123
035 _a(OCoLC)11269332
040 _aDLC
_cTM
_dDLC
042 _apremarc
050 0 0 _aUG573
_b.A65 1914
051 _aUG573
_b.A65 1914 Copy 3
_cCopy 3.
110 1 _aUnited States.
_bArmy.
_bSignal Corps.
245 1 0 _aSignal book, United States army.
_b1914.
260 _aWashington,
_bGovt. print. off.,
_c1914.
300 _a88 p.
_billus., 2 col. pl.
_c16 cm.
500 _aCover pockets for notes and memoranda.
500 _aWar dept. doc. no. 464.
610 1 0 _aUnited States.
_bArmy
_xCommunication systems.
710 2 _aGeorge Fabyan Collection (Library of Congress)
_5DLC
999 _c92239
_d92239